000
00306nam a2200121Ia 4500
005
20251222142002.0
008
251222s9999||||xx |||||||||||||| ||spa||
082
_a
577/V32
100
_a
Vargas Cairo, Carlos A.
245
0
_a
EcologĂa
264
_b
Escuela de Periodismo Jaime Bausate y Meza
942
_c
LIB
999
_c
10037
_d
10037